| 000 | 00545cam a22001932 4500 | ||
|---|---|---|---|
| 001 | 0000001764 | ||
| 005 | 20151021151053.0 | ||
| 008 | 070326s xx 000 0 eng d | ||
| 040 |
_aKABU _cKABU |
||
| 050 | 0 |
_aHD31 _b.S83 |
|
| 245 | 1 | 0 |
_aSuccessful manager's handbook / _cMoi Ali ... [et al.]. |
| 260 |
_aLondon : _bDorling Kindersley, _c2002. |
||
| 300 | _a864 p. | ||
| 650 | 0 |
_aManagement. _@0000083920 |
|
| 700 | 1 |
_aAli, Moi. _@0000150770 |
|
| 908 | _a070326 | ||
| 950 | _@1 | ||
| 999 |
_c358 _d358 |
||